[Event "MEX-ch Nat & Int 48th"]
[Site "Hermosillo"]
[Date "2002.03.31"]
[Round "9"]
[White "Escobar Alfaro, Salvador"]
[Black "Vega Granillo, Alejandro"]
[Result "1/2-1/2"]
[WhiteElo "2063"]
[BlackElo "2230"]
[PlyCount "52"]
[EventDate "2002.03.26"]
[EventType "swiss"]
[EventRounds "9"]
[EventCountry "MEX"]
[SourceTitle "EXT 2003"]
[Source "ChessBase"]
[SourceDate "2002.11.25"]
[SourceVersion "1"]
[SourceVersionDate "2002.11.25"]
[SourceQuality "1"]

1. d4 d5 2. c4 dxc4 3. Nf3 e6 4. Qa4+ Bd7 5. Qxc4 Nf6 6. Nc3 a6 7. Bg5 b5 8. Qd3 Be7 9. e3 Nc6 10. Rc1 Rc8 11. Be2 Nb4 12. Qd1 c5 13. 0-0 cxd4 14. Nxd4 0-0 15. Bf3 h6 16. Bh4 e5 17. Nc2 Nc6 18. Bg3 Bf5 19. e4 Bg6 20. Qe2 Nd4 21. Nxd4 exd4 22. Nd5 Nxd5 23. exd5 d3 24. Qd2 Qb6 25. Rc6 Qd4 26. Qe3 Bf6 1/2-1/2

[Event "MEX-ch Nat & Int 48th"]
[Site "Hermosillo"]
[Date "2002.03.30"]
[Round "7"]
[White "Escobar Alfaro, Salvador"]
[Black "Alvarez Angulo, Daniel"]
[Result "1-0"]
[WhiteElo "2063"]
[BlackElo "1337"]
[PlyCount "93"]
[EventDate "2002.03.26"]
[EventType "swiss"]
[EventRounds "9"]
[EventCountry "MEX"]
[SourceTitle "EXT 2003"]
[Source "ChessBase"]
[SourceDate "2002.11.25"]
[SourceVersion "1"]
[SourceVersionDate "2002.11.25"]
[SourceQuality "1"]

1. d4 Nf6 2. c4 c6 3. Nc3 d5 4. Nf3 e6 5. e3 Nbd7 6. Bd3 Bb4 7. 0-0 0-0 8. Ne2 Bd6 9. Ng3 e5 10. cxd5 Nxd5 11. dxe5 Bxe5 12. Nxe5 Nxe5 13. Bxh7+ Kxh7 14. Qh5+ Kg8 15. Qxe5 Re8 16. Qd4 Be6 17. b3 Nf6 18. Bb2 Qa5 19. Ne4 Nh5 20. Bc3 Qd5 21. Nd6 Qxd4 22. Bxd4 Re7 23. Rfe1 Rd7 24. Ne4 b6 25. h3 c5 26. Bc3 f5 27. Ng5 Bd5 28. Rad1 Rad8 29. Rd2 a5 30. Red1 Kf8 31. g4 fxg4 32. hxg4 Nf6 33. e4 Bc6 34. Ne6+ Kg8 35. Nxd8 Rxd2 36. Rxd2 Nxe4 37. Nxc6 Nxc3 38. a4 g5 39. Kg2 Kf7 40. Kf3 Ke6 41. Na7 Nb1 42. Rd3 Na3 43. Nc8 c4 44. Re3+ Kf6 45. Nxb6 Nc2 46. Nxc4 Nxe3 47. Kxe3 1-0

[Event "MEX-ch Nat & Int 48th"]
[Site "Hermosillo"]
[Date "2002.03.29"]
[Round "5"]
[White "Escobar Alfaro, Salvador"]
[Black "Rueda Hernandez, Carlos Jonath"]
[Result "0-1"]
[WhiteElo "2063"]
[BlackElo "2138"]
[PlyCount "58"]
[EventDate "2002.03.26"]
[EventType "swiss"]
[EventRounds "9"]
[EventCountry "MEX"]
[SourceTitle "CBM 087 Extra"]
[Source "ChessBase"]
[SourceDate "2002.05.03"]
[SourceVersion "2"]
[SourceVersionDate "2002.08.09"]
[SourceQuality "1"]

1. d4 Nf6 2. c4 g6 3. Nc3 Bg7 4. e4 d6 5. Nf3 0-0 6. Be2 e5 7. d5 a5 8. 0-0 Na6 9. b3 Nh5 10. Ne1 Nf4 11. Bg4 f5 12. Bf3 Nc5 13. Rb1 g5 14. h3 Rf6 15. a3 Rh6 16. b4 Na6 17. exf5 Bxf5 18. Be4 Bd7 19. Nf3 g4 20. hxg4 Bxg4 21. g3 Qe8 22. Qc2 Qh5 23. Nh4 Bf6 24. Re1 Rf8 25. f3 Bxh4 26. Bxf4 exf4 27. gxh4 Bxf3 28. Bxf3 Qxf3 29. Qg2+ Rg6 0-1

[Event "Carlos Torre Memorial op 10th"]
[Site "Merida"]
[Date "1997.??.??"]
[Round "9"]
[White "Escobar Alfaro, Salvador"]
[Black "Martin Del Campo C, Roberto Abel"]
[Result "1/2-1/2"]
[WhiteElo "2065"]
[BlackElo "2485"]
[PlyCount "29"]
[EventDate "1997.12.??"]
[EventType "swiss"]
[EventRounds "9"]
[EventCountry "MEX"]
[SourceTitle "EXT 1999"]
[Source "ChessBase"]
[SourceDate "1998.11.16"]
[SourceVersion "1"]
[SourceVersionDate "1998.11.16"]
[SourceQuality "1"]

1. e4 c5 2. Nc3 Nc6 3. g3 g6 4. Bg2 Bg7 5. d3 e5 6. f4 d6 7. Nf3 Nge7 8. 0-0 0-0 9. Be3 Nd4 10. Ne2 Nxf3+ 11. Bxf3 exf4 12. gxf4 Bxb2 13. c3 Bxa1 14. Qxa1 f5 15. Kh1 1/2-1/2